000 00250nam a22001097a 4500
008 180806b xxu||||| |||| 00| 0 eng d
082 _a813.52
245 _aMicrosoft World 2010
_cPARADIGM
300 _a1
_fcd
440 _xMLB257834
942 _2ddc
_cMX
999 _c46854
_d46854